Puppet people / (Registro nro. 7212)

Detalles MARC
000 -LEADER
fixed length control field 00934nam a22002537a 4500
003 - CONTROL NUMBER IDENTIFIER
control field OSt
005 - DATE AND TIME OF LATEST TRANSACTION
control field 20210217115051.0
008 - FIXED-LENGTH DATA ELEMENTS--GENERAL INFORMATION
fixed length control field 210217s1972 enka|||br|||| 00| 0 eng d
020 ## - INTERNATIONAL STANDARD BOOK NUMBER
International Standard Book Number 0356040364
040 ## - CATALOGING SOURCE
Original cataloging agency CO-JMCR
Transcribing agency CO-JMCR
041 0# - LANGUAGE CODE
Language code of text/sound track or separate title eng
082 04 - DEWEY DECIMAL CLASSIFICATION NUMBER
Classification number 745.5922 /
Item number V364p
Edition number 23
100 1# - MAIN ENTRY--PERSONAL NAME
Personal name Vaughan, Jennifer,
Relator term editora
9 (RLIN) 13560
245 10 - TITLE STATEMENT
Title Puppet people /
Statement of responsibility, etc. Jennifer Vaughan
250 ## - EDITION STATEMENT
Edition statement First published
260 ## - PUBLICATION, DISTRIBUTION, ETC.
Place of publication, distribution, etc. London :
Name of publisher, distributor, etc. Macdonald Educational,
Date of publication, distribution, etc. 1972
300 ## - PHYSICAL DESCRIPTION
Extent 26 páginas :
Other physical details ilustraciones a color ;
Dimensions 21 cm.
490 0# - SERIES STATEMENT
Series statement Startes activites ;
Volume/sequential designation 4
505 0# - FORMATTED CONTENTS NOTE
Formatted contents note Paper bag puppets -- Sock puppets -- Box puppets -- Cloth puppets --Glove puppet -- Cotton reel puppet -- Trimmings for puppets
650 14 - SUBJECT ADDED ENTRY--TOPICAL TERM
Topical term or geographic name entry element Títeres y teatro de títeres
General subdivision diseño
9 (RLIN) 13561
650 24 - SUBJECT ADDED ENTRY--TOPICAL TERM
Topical term or geographic name entry element Títeres y teatro de títeres
General subdivision muñecas (juguetes)
9 (RLIN) 13562
650 14 - SUBJECT ADDED ENTRY--TOPICAL TERM
Topical term or geographic name entry element Trabajos manuales (Educación)
9 (RLIN) 13417
942 ## - ADDED ENTRY ELEMENTS (KOHA)
Source of classification or shelving scheme Dewey Decimal Classification
Koha item type Books
Existencias
Withdrawn status Lost status Source of classification or shelving scheme Damaged status Not for loan Collection code Home library Current library Date acquired Source of acquisition Total Checkouts Full call number Barcode Date last seen Date last checked out Copy number Price effective from Koha item type
    Dewey Decimal Classification     Non-fiction Biblioteca Pública José María del Castillo y Rada Biblioteca Pública José María del Castillo y Rada 10/02/2020 Donación 4 745.5922 / V364p 201810352 04/06/2026 04/06/2026 Ej.1 02/17/2021 Books